000 00561nam a2200181Ia 4500
005 20250508150416.0
008 008 250505s9999 xx 000 0 eng d
037 _aTextual
040 _aFEDL
_beng
_cFEDL
041 _aeng
_2eng
084 _a371.927, AIN
_qFEDL
100 _aAinsworth Stanley
_9756621
245 0 _aSpeech correction methods: A manual of speech therapy and public school procedures
260 _aNew York, USA
_bPrentice Hall
_c1948
300 _axi,149p.
942 _cTEXL
_h371.927, AIN
999 _c1323485
_d1323485